Obras completas IV
Збережено в:
| Автор: | |
|---|---|
| Формат: | Книга |
| Мова: | Spanish |
| Опубліковано: |
San José, Costa Rica
Editorial Universidad de Costa Rica
2011
|
| Предмети: | |
| Теги: |
Додати тег
Немає тегів, Будьте першим, хто поставить тег для цього запису!
|
MARC
| LEADER | 00000nam a22000007a 4500 | ||
|---|---|---|---|
| 008 | 171204b xxu||||| |||| 00| 0 spa d | ||
| 040 | |a cru BVZT | ||
| 090 | |a 868 A-1o v.4 | ||
| 100 | |a Acuña, José Basileo | ||
| 245 | |a Obras completas IV |c José Basileo Acuña; Peggy von Mayer Chavés, editora | ||
| 260 | |a San José, Costa Rica |b Editorial Universidad de Costa Rica |c 2011 | ||
| 300 | |a 618 páginas. Vol. IV | ||
| 650 | |a LITERATURA COSTARRICENSE | ||
| 650 | |a JOSÉ VASILEO ACUÑA | ||
| 650 | |a PROSA | ||
| 650 | |a TEATRO | ||
| 650 | |a CUENTO | ||
| 650 | |a ENSAYO | ||
| 650 | |a ENSAYOS DIDÁCTICOS | ||
| 942 | |c 15 D | ||
| 999 | |c 15423 |d 15423 | ||
